| 000 | 02177cam a2200409 i 4500 | ||
|---|---|---|---|
| 999 |
_c28002 _d27973 |
||
| 001 | 19070825 | ||
| 003 | EG-ScBUE | ||
| 005 | 20201128024421.0 | ||
| 008 | 160428t2017 nyua f d 001 0 eng d | ||
| 020 | _a9781259569197 | ||
| 020 | _a1259569195 | ||
| 040 |
_aDLC _beng _erda _cDLC _dDLC _dEG-ScBUE |
||
| 082 | 0 | 4 |
_a658.1511 _bEDM _222 |
| 100 | 1 |
_aEdmonds, Thomas P., _eauthor. |
|
| 245 | 1 | 0 |
_aFundamental managerial accounting concepts / _cThomas P. Edmonds, University of Alabama-Birmingham [and three others] |
| 250 | _aEighth edition. | ||
| 264 | 1 |
_aNew York, NY : _bMcGraw-Hill Education, _c[2017] |
|
| 264 | 4 | _cc2017 | |
| 300 |
_axxxvi, 715 pages : _bcolor illustrations ; _c29 cm |
||
| 336 |
_atext _2rdacontent _btxt |
||
| 337 |
_aunmediated _2rdamedia _bn |
||
| 338 |
_avolume _2rdacarrier _bnc |
||
| 500 | _aRevised edition of Fundamental managerial accounting concepts, 2014. | ||
| 500 | _aIncludes glossary. | ||
| 500 | _aIncludes index. | ||
| 505 | 0 | _aManagement accounting and corporate governance -- Cost behavior, operating leverage, and profitability analysis -- Analysis of cost, volume, and pricing to increase profitability -- Cost accumulation, tracing, and allocation -- Cost management in an automated business environment : ABC, ABM, and TQM -- Relevant information for special decisions -- Planning for profit and cost control -- Performance evaluation -- Responsibility accounting -- Planning for capital investments -- Product costing in service and manufacturing entities -- Job-order, process, and hybrid costing systems -- Financial statement analysis -- Statement of cash flows -- Appendix A: Accessing the edgar database through the internet -- Glossary -- Photo credits -- Index. | |
| 650 | 7 |
_aManagerial accounting. _2BUEsh |
|
| 653 |
_bBUSADM _cFebruary2020 |
||
| 655 |
_vReading book _934232 |
||
| 700 | 1 |
_aEdmonds, Christopher T., _eauthor. |
|
| 700 | 1 |
_aTsay, Bor-Yi, _eauthor. |
|
| 700 | 1 |
_aOlds, Philip R., _eauthor. _92061 |
|
| 906 |
_a7 _bcbc _corignew _d1 _eecip _f20 _gy-gencatlg |
||
| 942 |
_2ddc _cBB |
||